00553nam a2200205 a 4500001001300000003000900013005001700022008004100039020002300080082001500103100001900118245005200137260003900189300000800228500003500236505001000271650002300281650002400304700001900328nice12345678IN_TiNIC20260116013210.0070405s1992 phia grp 000 0 eng  a1563380366 c15000a261.2bWIL aWiles, Maurice aChristian Theology and Inter-Religious Dialogue aPhiladelphiabTrinity Press c1992 a90p aincludes index and biblioraphy2 aIndex aTheology-Religions aInterfaith Dialogue1 aWiles, Maurice